| 000 | 01340nam a22002777a 4500 | ||
|---|---|---|---|
| 001 | EPSA 0289 | ||
| 003 | gtcocun | ||
| 005 | 20250916191836.0 | ||
| 006 | a||||gr|||| 00| 0 | ||
| 007 | ta | ||
| 008 | 250916b2024 gt ||||| m||| 00| 0 eng d | ||
| 040 |
_agtcocun _bSPA _cgtcocun _eRDA |
||
| 041 | _aSPA EPSA 0289 | ||
| 084 | _0EPSA 0289 | ||
| 100 |
_aOsorio Alva, Mirna Yohana _eAutor |
||
| 245 |
_aINFORME FINAL DEL EJERCICIO PROFESIONAL SUPERVISADO, REALIZADO EN LA COORDINACIÓN E LA CARRERA DE CONTADURÍA PÚBLICA Y AUDITORÍA DEL MUNICIPIO DE COBÁN, ALTA VERAPAZ/ _cMirna Yohana Osorio Alva _hImpreso |
||
| 264 |
_aCobán, Alta Verapaz: _bUniversidad de San Carlos de Guatemala, Centro Universitario del Norte, _c2024 |
||
| 300 |
_a51 p.: _bIlustraciones, gráficas. _c28 cm; |
||
| 502 | _eEPSA 0289 | ||
| 502 |
_aEjercicio Profesional Supervisado _bLicenciatura Administración de Empresas, _cUniversidad de San Carlos de Guatemala, Centro Universitario del Norte, Licenciatura Administración de Empresas _d2024 _oEPSA 0289 |
||
| 650 | 1 | 4 |
_2LEMB _aCobán, Alta Verapaz _xAdministración _xProceso _xDiagnóstico _xAdministrativo _xActividades _xDesarrollo |
| 700 |
_aM.A. Julio Armando Samayoa Santiago _eAsesor |
||
| 856 |
_uSin archivo en línea. _zSin archivo en línea. |
||
| 942 |
_2ddc _cTES _kClasificación _n0 |
||
| 999 |
_c1863 _d1863 |
||